书目信息 |
| 题名: |
数字媒体时代下视觉艺术设计的创新与变革
|
|
| 作者: | 曾易成 , 周俊华 著 | |
| 分册: | ||
| 出版信息: | 昆明 云南美术出版社 2024.10 |
|
| 页数: | 279页 | |
| 开本: | 26cm | |
| 丛书名: | ||
| 单 册: | ||
| 中图分类: | J062 | |
| 科图分类: | ||
| 主题词: | 视觉设计--研究 | |
| 电子资源: | ||
| ISBN: | 978-7-5489-5912-0 | |
| 000 | 01157nam0 2200241 450 | |
| 001 | 013390504 | |
| 005 | 20251022193433.36 | |
| 010 | @a978-7-5489-5912-0@dCNY78.00 | |
| 100 | @a20250206d2024 em y0chiy0120 ea | |
| 101 | 0 | @achi |
| 102 | @aCN@b530000 | |
| 105 | @aa z 000yy | |
| 106 | @ar | |
| 200 | 1 | @a数字媒体时代下视觉艺术设计的创新与变革@9shu zi mei ti shi dai xia shi jue yi shu she ji de chuang xin yu bian ge@f曾易成,周俊华著 |
| 210 | @a昆明@c云南美术出版社@d2024.10@h2025印 | |
| 215 | @a279页@c图@d26cm | |
| 330 | @a本书是一本深入探讨视觉艺术设计领域在数字化浪潮中如何创新和变革的专著。书中首先回顾了视觉艺术设计的历史发展,然后详细讨论了数字媒体技术,如虚拟现实、增强现实、3D打印和数字图像处理等,为艺术创作提供了操作可能性。作者们展示了数字技术如何帮助艺术家突破传统媒介的限制,创作出更加互动和沉浸式的艺术作品。同时,本书还探讨了数字媒体时代下视觉艺术设计面临的挑战,包括艺术作品的商业化以及如何在保持艺术性的同时适应数字环境。 | |
| 606 | 0 | @a视觉设计@x研究 |
| 690 | @aJ062@v5 | |
| 701 | 0 | @a曾易成@9zeng yi cheng@4著 |
| 701 | 0 | @a周俊华@9zhou jun hua@4著 |
| 801 | 0 | @aCN@c20250910 |
| 905 | @a河南城建学院图书馆@dJ062@eZ030@ZZ030@f1 | |
| 数字媒体时代下视觉艺术设计的创新与变革/曾易成,周俊华著.-昆明:云南美术出版社,2024.10(2025印) |
| 279页:图;26cm |
| ISBN 978-7-5489-5912-0:CNY78.00 |
| 本书是一本深入探讨视觉艺术设计领域在数字化浪潮中如何创新和变革的专著。书中首先回顾了视觉艺术设计的历史发展,然后详细讨论了数字媒体技术,如虚拟现实、增强现实、3D打印和数字图像处理等,为艺术创作提供了操作可能性。作者们展示了数字技术如何帮助艺术家突破传统媒介的限制,创作出更加互动和沉浸式的艺术作品。同时,本书还探讨了数字媒体时代下视觉艺术设计面临的挑战,包括艺术作品的商业化以及如何在保持艺术性的同时适应数字环境。 |
| ● |
| 相关链接 |
|
|
|
正题名:数字媒体时代下视觉艺术设计的创新与变革
索取号:J062/Z030
 
预约/预借
| 序号 | 登录号 | 条形码 | 馆藏地/架位号 | 状态 | 备注 |
| 1 | 1634489 | 216344891 | 社科库309/309社科库 64排1列4层/ [索取号:J062/Z030] | 在馆 |